00000000nam##2200000za#4500
0019.531927
003CaOODSP
00520200327085809
007ta
008150406|1999||||xxc|||||     f|0| 0 fre|d
020 |a0-662-64203-1
040 |aCaOODSP|bfre
041 |aeng
041 |afre
043 |an-cn---
0861 |aC21-25/7-1999
1101 |aCanada.|bIndustrie Canada. |bDirection de l'analyse micro-économique.
24510|aConséquences des restrictions à la propriété étrangère pour l'économie canadienne: une analyse sectorielle / |cpar Steven Globerman.
260 |aOttawa - Ontario : |bIndustrie Canada. |c1999.
300 |aTexte français, 41p. : |c28 cm.
4901 |aDocument de discussion|v7
500 |a«Cette étude vise à évaluer les conséquences sectorielles des restrictions à la propriété étrangère au Canada. L'évaluation se fonde en bonne partie sur un examen de la documentation disponible, bien qu'elle comporte aussi une analyse théorique originale.»--Introduction.
504 |aBibliographie.
5203 |aCette étude vise à évaluer les conséquences sectorielles des restrictions à la propriété étrangère au Canada. L'évaluation se fonde en bonne partie sur un examen de la documentation disponible, bien qu'elle comporte aussi une analyse théorique originale.--Introduction
546 |aBilingue
563 |aCouverture souple
590 |a99-47|b1999-11-26
69107|aInvestissement étranger|2gcpds
69107|aPolitique étrangère|2gcpds
69107|aConditions économiques|2gcpds
7201 |aHardi, Peter
7760#|tImplications of foreign ownership restrictions for the Canadian economy |w(CaOODSP)9.571967
7760#|tConséquences des restrictions à la propriété étrangère pour l'économie canadienne |w(CaOODSP)9.602387
791 |tImplications of foreign ownership restrictions for the Canadian economy: a sectoral analysis / |eeng|w(CaOODSP)9.531926
830#0|aDocument de discussion ;|v7|w(CaOODSP)9.509055